Information und wirtschaft : Der informationstechnische einflub auf die entwicklung unter

Saved in:
Bibliographic Details
Main Author: Szyperski, Norbert
Format: Book
Language:Undetermined
Published: New York Campus Verlag 1975
Subjects:
Tags: Add Tag
No Tags, Be the first to tag this record!
Institutions: Trung tâm Học liệu Trường Đại học Cần Thơ
LEADER 00585nam a2200193Ia 4500
001 CTU_97854
008 210402s9999 xx 000 0 und d
082 |a 330.9 
082 |b S999 
100 |a Szyperski, Norbert 
245 0 |a Information und wirtschaft : 
245 0 |b Der informationstechnische einflub auf die entwicklung unter 
245 0 |c Norbert Szyperski 
260 |a New York 
260 |b Campus Verlag 
260 |c 1975 
650 |a Information theory in economics,Comparative economics 
904 |i Truc 
980 |a Trung tâm Học liệu Trường Đại học Cần Thơ